Los doce apóstoles (Registro nro. 69525)
[ vista simple ]
| 000 -LÍDER | |
|---|---|
| Campo fijo de descripción fija | 01162nab a2200205 i 4500 |
| 001 - NÚMERO DE CONTROL | |
| Campo de control | 768714001 |
| 003 - IDENTIFICADOR DEL NÚMERO DE CONTROL | |
| Campo de control | CO-MdFUSB |
| 005 - FECHA Y HORA DE LA ULTIMA TRANSACCIÓN | |
| control field | 20240506143729.0 |
| 008 - ELEMENTOS DE LONGITUD FIJA -- INFORMACIÓN GENERAL | |
| Campo fijo de descripción fija -- Información general | 240506t1968 sp ||||| |||| 00| 0 spa d |
| 040 ## - FUENTE DE CATALOGACIÓN | |
| Idioma de catalogación | spa |
| Agencia que realiza la transcripción | CO-MdFUSB |
| Agencia que realiza la modificación | CO-MdFUSB |
| 041 ## - CÓDIGO DE IDIOMA | |
| Código de idioma para texto/pista de sonido o título separado | spa |
| 100 ## - ASIENTO PRINCIPAL--NOMBRE PERSONAL | |
| Nombre personal | Rigaux, Béda, |
| Término relacionador | autor |
| 245 #4 - TÍTULO | |
| Título | Los doce apóstoles |
| Mención de responsabilidad | / B. Rigaux |
| 520 ## - NOTA DE RESUMEN, ETC. | |
| Nota de sumario, etc. | El objetivo de esta nota es abordar el tema: la denominación de "apóstoles". <br/>Primero, se estudia etimológicamente el término apóstoles y se entiende que su raíz griega (apostéllein: enviar) significa barco, flota o almirante en griego. El sustantivo aparece sólo una vez en los LXX (1 Reyes 14:6). <br/>Si apóstoles se convierte en un término en el lenguaje cristiano, se cree que su origen debe remontarse a la iglesia de Antioquía, donde los creyentes comenzaron a llamarse cristianos.<br/>. |
| 650 #0 - ASIENTO SECUNDARIO DE MATERIA - TERMINO TEMÁTICO | |
| Término temático o nombre geográfico como elemento de entrada | Ecumenismo |
| 9 (RLIN) | 1146 |
| 650 #7 - ASIENTO SECUNDARIO DE MATERIA - TERMINO TEMÁTICO | |
| Término temático o nombre geográfico como elemento de entrada | Apóstoles |
| 9 (RLIN) | 2947 |
| 773 0# - ASIENTO DE ITEM FUENTE | |
| Biblionumber | 49450 |
| Itemnumber | 82594 |
| Otro identificador del ítem | R2524 |
| Título | Revista internacional de teología Concilium |
| Número de control del registro | (CO-MdFUSB)8 |
| Número Internacional Normalizado para Publicaciones Seriadas (ISSN) | 0210-1041 |
| Parte(s) relacionada(s) / Volumen., número. (mes año), páginas | Número 34, (abril, 1968), páginas: 7 - 18 |
| Enumeración y primera página | página: 7 |
| 942 ## - TIPO DE MATERIAL (KOHA) | |
| Tipo de Item KOHA | Artículos de Revista |
| 945 ## - INFORMACIÓN LOCAL DEL REGISTRO | |
| Catalogador | Catherine Arias Alvarez - Practicante SENA |
No hay ítems disponibles.
